[Event "Keres Memorial Rapid"]
[Site "Tallinn EST"]
[Date "2003.01.11"]
[Round "3"]
[White "Zontakh,A"]
[Black "Kanep,M"]
[Result "0-1"]
[WhiteElo "2508"]
[BlackElo "2445"]
[EventDate "2003.01.11"]

1. e4 c5 2. Nf3 e6 3. d4 cxd4 4. Nxd4 Nf6 5. Nc3 a6 6. f3 d6 7. Be3 Nbd7 8.
g4 h6 9. h4 b5 10. Rg1 g6 11. Qd2 Bb7 12. O-O-O Rc8 13. Kb1 Nb6 14. Bd3 Bg7
15. g5 hxg5 16. Bxg5 b4 17. Nce2 Qc7 18. Qxb4 Nfd7 19. Qd2 Na4 20. c3 Qb6
21. Nb3 Ne5 22. Ned4 d5 23. Be3 Qc7 24. exd5 Bxd5 25. Bxa6 Nc4 26. Bb5+ Kf8
27. Bxc4 Qxc4 28. Rg4 Bxf3 29. Nxf3 Qxg4 30. Qd7 Qf5+ 31. Ka1 e5 32. Qxa4
Qxf3 33. Qd7 Ra8 34. Bg5 Kg8 35. Rc1 Kh7 36. Nd2 Qf5 37. Qd5 f6 38. Be3
Rhd8 39. Qg2 Qd3 40. Qf2 Ra6 41. Nb1 Raa8 42. a3 Rdb8 43. Bc5 0-1

[Event "Keres Memorial Rapid"]
[Site "Tallinn EST"]
[Date "2003.01.12"]
[Round "4"]
[White "Miroshnichenko,E"]
[Black "Ehlvest,J"]
[Result "1-0"]
[WhiteElo "2538"]
[BlackElo "2600"]
[EventDate "2003.01.11"]

1. e4 c5 2. Nf3 d6 3. Bb5+ Nd7 4. c3 Ngf6 5. Qe2 a6 6. Ba4 e5 7. O-O Be7 8.
d4 b5 9. Bc2 O-O 10. a4 Rb8 11. axb5 axb5 12. b3 b4 13. d5 Nh5 14. cxb4
cxb4 15. Be3 Ndf6 16. Nbd2 Ng4 17. Nc4 Bd7 18. Bd2 Nf4 19. Bxf4 exf4 20. h3
Nf6 21. e5 Nh5 22. e6 fxe6 23. dxe6 Be8 24. Rfd1 Qc7 25. Qd3 g6 26. Nxd6
Rd8 27. Nxe8 Rfxe8 28. Qe2 Bf6 29. Rxd8 Qxd8 30. Ra6 Qd5 31. Qd3 Qc5 32.
Nd2 Rd8 33. Qc4 Qxc4 34. Nxc4 Ng7 35. Kf1 Kf8 36. Ra7 Nxe6 37. Rxh7 Bg7 38.
Bxg6 f3 39. gxf3 Nd4 40. Rh4 Nxb3 41. Rf4+ Kg8 42. Bf7+ Kh7 43. Rh4+ Bh6
44. Ne3 Kg7 45. Bxb3 1-0

[Event "Keres Memorial Rapid"]
[Site "Tallinn EST"]
[Date "2003.01.12"]
[Round "5"]
[White "Gavrikov,Vi"]
[Black "Zontakh,A"]
[Result "1-0"]
[WhiteElo "2570"]
[BlackElo "2508"]
[EventDate "2003.01.11"]

1. e4 c6 2. c4 d5 3. cxd5 cxd5 4. exd5 Nf6 5. Nc3 Nxd5 6. Nf3 e6 7. Bc4 Be7
8. O-O O-O 9. d4 Nc6 10. Re1 a6 11. a3 b5 12. Bxd5 exd5 13. Qd3 b4 14. Ne2
Bg4 15. Ne5 Bxe2 16. Rxe2 Nxe5 17. dxe5 bxa3 18. bxa3 Qd7 19. Bb2 Qe6 20.
f4 g6 21. Rf1 Rab8 22. f5 gxf5 23. Rxf5 Rb3 24. Qxb3 Qxf5 25. Qg3+ Qg6 26.
Qc3 Qe6 27. Rc2 Rb8 28. h3 Bf8 29. Kh2 Bg7 30. Re2 Rc8 31. Qg3 Rc4 32. Qf3
Bh6 33. Qg3+ Kf8 34. Rf2 Bg7 35. Re2 Bh6 36. Qd3 Qg6 37. Qxd5 Bf4+ 38. Kg1
Qb6+ 39. Kf1 Rc5 40. Qa8+ Ke7 41. Qf3 Rc4 42. g3 Qh6 43. Kg2 Qg6 44. Kh2
Bg5 45. e6 Rc2 46. Qb7+ Kf8 47. e7+ Bxe7 48. Qb8+ 1-0

[Event "Keres Memorial Rapid"]
[Site "Tallinn EST"]
[Date "2003.01.12"]
[Round "6"]
[White "Kanep,M"]
[Black "Miroshnichenko,E"]
[Result "0-1"]
[WhiteElo "2445"]
[BlackElo "2538"]
[EventDate "2003.01.11"]

1. d4 d5 2. c4 c6 3. Nf3 Nf6 4. e3 a6 5. Bd3 g6 6. O-O Bg7 7. b3 Bg4 8.
Nbd2 O-O 9. Bb2 Nbd7 10. h3 Bxf3 11. Qxf3 e6 12. Rad1 Qa5 13. a3 b5 14. c5
Qc7 15. Ba1 e5 16. dxe5 Nxe5 17. Qg3 Rfe8 18. Bxe5 Rxe5 19. Nf3 Re7 20. Qh4
Rae8 21. b4 h6 22. Nd4 Ne4 23. Qg4 h5 24. Qf3 Ng5 25. Qg3 Qxg3 26. fxg3
Rxe3 27. Nxc6 Rxg3 28. h4 Ne6 29. Rf3 Rxf3 30. gxf3 Nf4 31. Kf2 Re6 32. Nd8
Re8 33. Nc6 Bf6 34. Kg3 Ne6 35. a4 bxa4 36. Bxa6 a3 37. Rd2 Bb2 38. Na5 a2
39. Nb3 Be5+ 40. Kf2 a1=Q 41. Nxa1 Bxa1 42. Rxd5 Rb8 43. b5 Bd4+ 0-1

[Event "Keres Memorial Rapid"]
[Site "Tallinn EST"]
[Date "2003.01.12"]
[Round "6"]
[White "Veingold,A"]
[Black "Gavrikov,Vi"]
[Result "0-1"]
[WhiteElo "2480"]
[BlackElo "2570"]
[EventDate "2003.01.11"]

1. d4 Nf6 2. c4 e6 3. Nf3 b6 4. g3 Ba6 5. b3 Bb4+ 6. Bd2 Be7 7. Bg2 O-O 8.
O-O d5 9. cxd5 exd5 10. Nc3 Nbd7 11. Ne5 Bb7 12. Bf4 Re8 13. Rc1 Nf8 14.
Nd3 Ne6 15. Be5 Ng4 16. Nf4 Nxe5 17. dxe5 Nxf4 18. gxf4 c6 19. e3 Bf8 20.
Ne2 Qd7 21. Qc2 Rad8 22. Rfd1 Qg4 23. h3 Qc8 24. e4 dxe4 25. Qxe4 Re7 26.
Qc2 Red7 27. Rxd7 Qxd7 28. Nc3 Qe7 29. Ne4 Qh4 30. Ng5 Be7 31. Qf5 Bxg5 32.
Qxg5 Qxg5 33. fxg5 Kf8 34. Rc2 Rd4 35. Bxc6 Bc8 36. Bg2 Be6 37. Kh2 a5 38.
Kg3 a4 39. bxa4 Rxa4 40. Rb2 Ra3+ 41. Kh2 Rxa2 42. Rxb6 Rxf2 43. Kg3 Re2
44. Rb8+ Ke7 45. Rb7+ Kd8 46. Rb8+ Kc7 47. Rb5 Re3+ 48. Kf4 Rd3 49. h4 Rd4+
50. Be4 g6 51. Ke3 Ra4 52. Rc5+ Kd8 53. h5 Ra3+ 54. Kf4 Rh3 55. hxg6 hxg6
56. Ra5 Rh4+ 57. Ke3 Rg4 58. Bd5 Bxd5 59. Rxd5+ Ke7 60. Ra5 Rxg5 61. Kf4
Rf5+ 62. Ke4 Rf1 63. Ra7+ Kf8 64. Ra8+ Kg7 65. Ra2 Re1+ 66. Kf4 Kh6 67.
Rh2+ Kg7 68. Rg2 Kf8 69. Ra2 Rf1+ 0-1

[Event "Keres Memorial Rapid"]
[Site "Tallinn EST"]
[Date "2003.01.12"]
[Round "7"]
[White "Gavrikov,Vi"]
[Black "Kanep,M"]
[Result "1-0"]
[WhiteElo "2570"]
[BlackElo "2445"]
[EventDate "2003.01.11"]

1. c4 Nf6 2. Nc3 e6 3. d4 c5 4. d5 exd5 5. cxd5 d6 6. e4 g6 7. Nf3 Bg7 8.
Be2 O-O 9. O-O a6 10. a4 Re8 11. Nd2 Nbd7 12. f4 Rb8 13. Kh1 Qc7 14. Ra2 c4
15. e5 dxe5 16. Nxc4 e4 17. f5 Ra8 18. Bf4 Qd8 19. a5 b6 20. axb6 Nxb6 21.
Nd6 Re7 22. Nxc8 Qxc8 23. fxg6 hxg6 24. d6 Re6 25. Qb3 Qc6 26. Rxa6 Rxa6
27. Bxa6 Nfd7 28. Bb5 Qc5 29. Na4 Qd4 30. Rd1 Qf6 31. Nxb6 Nxb6 32. d7 Nxd7
33. Bxd7 Rb6 34. Qe3 Rxb2 35. Qxe4 1-0